Countries by Largest Island - Statistics

General Stats
  • This quiz has been taken 204 times
  • The average score is 14 of 20
Answer Stats
Continent Area (km2) Largest Island Country % Correct
Africa 587,713 Madagascar Madagascar
97%
North America 2,130,800 Greenland Denmark
95%
Asia 544,150 Borneo (Kalimantan) Indonesia
92%
North America 507,451 Baffin Island Canada
90%
Asia 225,800 Honshu Japan
89%
Europe 209,331 Great Britain United Kingdom
89%
Oceania 365,213 New Guinea (eastern) Papua New Guinea
88%
Oceania 145,836 South Island New Zealand
83%
North America 104,556 Cuba Cuba
81%
Asia 200,565 Borneo (East Malaysia) Malaysia
72%
Europe 101,826 Iceland Iceland
71%
Europe 70,273 Ireland (southern) Ireland
68%
Asia 109,965 Luzon Philippines
67%
Oceania 64,519 Tasmania Australia
63%
South America 40,100 Marajó Brazil
62%
Asia 65,268 Sri Lanka Sri Lanka
58%
Asia 72,493 Sakhalin Russia
50%
North America 48,445 Hispaniola (eastern) Dominican Republic
46%
Asia 35,883 Taiwan Taiwan
43%
Europe 37,814 Spitsbergen Norway
42%
No matching quizzes found
Score Distribution
Percent of People with Each Score
Percentile by Number Answered
Your Score History
You have not taken this quiz